Diary of a Wimpy Kid Cabin fever / by Jeff Kinney.
Middle-schooler Greg Heffley is the prime suspect when it is discovered that school property has been damaged, but when a surprise blizzard hits and school is closed, Greg is stuck indoors with his family, unable to prove his innocence.
Record details
- ISBN: 9781464024788
- ISBN: 1464024782
- ISBN: 9781464021459
- ISBN: 1464021457
- Physical Description: 2 audio discs (2 hr., 15 min.) ; 4 3/4 in.
- Edition: Retail ed. ; unabridged.
- Publisher: Prince Frederick, MD : Recorded Books ; [2011],
Content descriptions
| General Note: | "Tracks every 3 minutes." |
| Participant or Performer Note: | Reader: Ramón de Ocampo. |
Search for related items by subject
| Subject: | Families > Juvenile fiction. Fear > Juvenile fiction. Blizzards > Juvenile fiction. Middle schools > Juvenile fiction. Schools > Juvenile fiction. Diary fiction > Juvenile fiction. |
| Genre: | Children's audiobooks. Audiobooks. Sound recordings. Fiction. |
Search for related items by series
Available copies
- 1 of 1 copy available at scottsboropl.
Holds
- 0 current holds with 1 total copy.
Other Formats and Editions
Show Only Available Copies
| Location | Call Number / Copy Notes | Barcode | Shelving Location | Status | Due Date |
|---|---|---|---|---|---|
| scottsboropl | J BK/CD Kin | 32269001186975 | Juvenile - Audiobook | Available | - |
| LDR | 03428cim a2200865 a 4500 | ||
|---|---|---|---|
| 001 | 157830 | ||
| 003 | SBPL | ||
| 005 | 20220323140255.0 | ||
| 008 | 111219s2011 mdunnnnc f n eng d | ||
| 006 | a 000 0 | ||
| 007 | sd fungnnmmned | ||
| 020 | . | ‡a9781464024788 | |
| 020 | . | ‡a1464024782 | |
| 020 | . | ‡a9781464021459 | |
| 020 | . | ‡a1464021457 | |
| 035 | . | ‡a(OCoLC)768779040 ‡z(OCoLC)1014348118 ‡z(OCoLC)1039400572 ‡z(OCoLC)1053932704 ‡z(OCoLC)1098818653 ‡z(OCoLC)1102130280 ‡z(OCoLC)1242271072 | |
| 050 | 1 | 4. | ‡aPZ7.K6232 ‡bDhm 2011 |
| 082 | 0 | 4. | ‡a[Fic] ‡223 |
| 100 | 1 | . | ‡aKinney, Jeff. |
| 245 | 1 | 0. | ‡aDiary of a Wimpy Kid ‡b Cabin fever / ‡cby Jeff Kinney. |
| 250 | . | ‡aRetail ed. ; unabridged. | |
| 260 | . | ‡aPrince Frederick, MD : ‡bRecorded Books ; ‡aHolland, OH : ‡bRepackaged [and distributed] by Midwest Tape, ‡c[2011], | |
| 300 | . | ‡a2 audio discs (2 hr., 15 min.) ; ‡c4 3/4 in. | |
| 306 | . | ‡a021500 | |
| 336 | . | ‡aspoken word ‡bspw ‡2rdacontent | |
| 337 | . | ‡aaudio ‡bs ‡2rdamedia | |
| 338 | . | ‡aaudio disc ‡bsd ‡2rdacarrier | |
| 344 | . | ‡adigital ‡2rdatr | |
| 344 | . | ‡boptical ‡2rdarm | |
| 344 | . | ‡c1.4 m/s | |
| 347 | . | ‡aaudio file ‡2rdaft | |
| 347 | . | ‡bCD audio | |
| 490 | 1 | . | ‡aDiary of a wimpy kid ; ‡v[6] |
| 511 | 0 | . | ‡aReader: Ramón de Ocampo. |
| 500 | . | ‡a"Tracks every 3 minutes." | |
| 520 | . | ‡aMiddle-schooler Greg Heffley is the prime suspect when it is discovered that school property has been damaged, but when a surprise blizzard hits and school is closed, Greg is stuck indoors with his family, unable to prove his innocence. | |
| 650 | 0. | ‡aFamilies ‡vJuvenile fiction. | |
| 650 | 0. | ‡aFear ‡vJuvenile fiction. | |
| 650 | 0. | ‡aBlizzards ‡vJuvenile fiction. | |
| 650 | 0. | ‡aMiddle schools ‡vJuvenile fiction. | |
| 650 | 0. | ‡aSchools ‡vJuvenile fiction. | |
| 650 | 0. | ‡aDiary fiction ‡vJuvenile fiction. | |
| 655 | 7. | ‡aChildren's audiobooks. ‡2lcgft | |
| 655 | 7. | ‡aAudiobooks. ‡2lcgft | |
| 655 | 7. | ‡aSound recordings. ‡2lcgft | |
| 655 | 7. | ‡aFiction. ‡2lcgft | |
| 700 | 1 | . | ‡aOcampo, Ramon de. ‡4nrt |
| 710 | 2 | . | ‡aRecorded Books, LLC. |
| 800 | 1 | . | ‡aKinney, Jeff. ‡tDiary of a wimpy kid (Series) v6. ‡sSpoken word. |
| 901 | . | ‡a157830 ‡b ‡c157830 ‡tbiblio | |